| 000 | 01008nam0a22002651 4500 | ||
|---|---|---|---|
| 001 | rc\582019 | ||
| 005 | 20250621172912.0 | ||
| 010 |
_a5-337-00094-2 _98000 |
||
| 035 | _a(NLR Aleph) 005829531 | ||
| 090 |
_a5565257 _c5565257 |
||
| 100 | _a20031121d1988 |||y0rusy50 ca | ||
| 101 | 0 | _arus | |
| 102 | _aRU | ||
| 105 | _aa ||||||||| | ||
| 200 | 1 |
_aЭлектрооборудование сельскохозяйственных предприятий _e[Для электромонтеров сел. электрификации] |
|
| 210 |
_aКиев _cУрожай _d1988 |
||
| 215 |
_a213, [1] с. _cил. _d21 |
||
| 225 | 1 | _aПособия для подготовки кадров массовых профессий в колхозах и совхозах | |
| 320 | _aБиблиогр.: с. 212 (21 назв.) | ||
| 700 | 1 |
_aНугер _bБ.К. _gБорис Константинович |
|
| 801 | 0 |
_aRU _bNLR _gpsbo |
|
| 801 | 1 |
_aRU _bELAR _2rusmarc |
|
| 852 |
_aNLR _j88-3/7310 |
||
| 942 | _cBOOK | ||
| 980 | _aNB | ||